| 000 | 00645nam a2200217 a 4500 | ||
|---|---|---|---|
| 999 |
_c3346 _d3346 |
||
| 001 | 3346 | ||
| 003 | BD-JhCC | ||
| 005 | 20171112205511.0 | ||
| 008 | 171112s1985 bg ||||| |||| 00| 0 ben d | ||
| 035 | _a(BD-JhCC)3346 | ||
| 040 |
_aBD-JhCC _dBD-JhCC |
||
| 041 | _aben | ||
| 082 |
_a891.442 _bHAI 1985 |
||
| 100 | _aহায়দার, রশীদ | ||
| 245 |
_aশেক্সপীয়র দ্য সেকেন্ড / _cহায়দার রশীদ |
||
| 260 |
_aঢাকা : _bবাংলা একাডেমী, _c1985. |
||
| 300 |
_a76 p. : _c21 cm. |
||
| 650 | _aBengali Drama | ||
| 942 |
_2ddc _cBK |
||